| 000 | 00943cam a22002174a 4500 | ||
|---|---|---|---|
| 005 | 20250605164017.0 | ||
| 008 | 250528s ||||||||||||||||||||||||d | ||
| 035 | _a16194 | ||
| 020 | _a713123710 | ||
| 040 |
_aGR-AtMCL _bgre _dGR-AtMCL _eAACR2 |
||
| 245 | 1 | _aModern Mechanics / A Vectorial Approach | |
| 250 | _a1st | ||
| 260 | _c1972 | ||
| 300 | _a350 | ||
| 520 | _aA thouroughly new approach to the teaching of applied mathematics with emphasis on the value of vector algebra in dealing with mechanical situations. Preface, Acknowledgements, An Introduction, One Dimensional Motion Under a Constant Force, Vectors, Applications, Frames, Projectiles, Work and Energy, Momentum and Impact and Impulse, Circular Motion, Simple Harmonic Motion, Vector Geometry, Differential Equations, Appendices, Index. | ||
| 700 | 1 |
_aEdward Arnold _9242 |
|
| 700 | 1 |
_aWragg Christopher A. L _92259 |
|
| 942 | _cBK | ||
| 999 |
_c1725 _d1725 |
||